zpět

Detail výsledku týmu

Pod Obrazem, Krnov

Datum a čas kvízu

25.5 Celkem bodů Celkový počet nahraných bodů na tomto kvízu bez doplňovacích otázek.
4. Pořadí na kvízu Konečné umístění týmu na tomto kvízu.

Zaznamenané odpovědi

# Otázka Odpověď Body Výsledky
1. Komunisté si zvolili o víkendu... Kateřina Konečná 1
2. Americké úřady obvinily inžený... sendvič 0
3. Minulý čtvrtek měl v českých k... Duna 1
4. Firma Apple opět vzbudila pozo... Čisticí hadřík. 0
5. Minulý týden začal nový ročník... Vít Krejčí 0
6. Toto téma začneme manželkami k... 1D 2C 3B 4A 1
7. Přesuneme se ke Králi popu. Ja... Neverland 0
8. Jak se nazývá klub, za který h... West Ham United FC 0
9. Mnoho deskových her využívá kr... Shogi 0
10. V roce 2021 streamovací platfo... Král Šamanů (Shaman King) 0